| 000 | 00606nam a2200217 a 4500 | ||
|---|---|---|---|
| 005 | 20210219153450.0 | ||
| 008 | 991125n 000 0 u | ||
| 035 | _aUPN01000101435 | ||
| 100 | 1 | _aWhitney, Irene | |
| 222 | _aEDUCATIONAL RESEARCH | ||
| 245 | _aA survey of the nature and extent of bullying in junior/middle and secondary schools | ||
| 300 | _a3-25 | ||
| 362 | 0 | _a1993 Vol. 35, no. 1 | |
| 653 | 0 | _aACTITUDES DEL ESTUDIANTE | |
| 653 | 0 | _aPROBLEMAS DE CONDUCTA | |
| 653 | 0 | _aBULLYING | |
| 700 | 1 | _aSmith, Peter K., | |
| 700 | 1 | _ecoaut. | |
| 904 |
_aAC _b039246 |
||
| 905 | _aArticulo | ||
| 999 |
_c77600 _d77600 |
||